| 000 | 00535 a2200217 4500 | ||
|---|---|---|---|
| 001 | 112704 | ||
| 020 | _a9788581135991 | ||
| 041 | _apor | ||
| 090 | _aPL 028 | ||
| 100 | _aArnt, Cynthia. | ||
| 250 | _a1. Ed. | ||
| 300 | _a18 p. | ||
| 697 | _aAmizade - Companheirismo. | ||
| 697 | _aLiteratura infantil. | ||
| 697 | _aSolidariedade - Diferenças. | ||
| 856 | _u000022/00002220.jpg | ||
| 040 |
_aBR-BrIDEA _cBR-BrIDEA |
||
| 245 | 1 | 0 |
_aFafá, a baleia solitária _c Cynthia Arnt |
| 260 |
_a[S.l.] _bKiron _c2017 |
||
| 942 | _cBK | ||
| 999 |
_c112704 _d112704 |
||